Fr. Conceicao Rodrigues College of Engineering

Executive Decisions & Operations Research (Record no. 20930)

MARC details
000 -LEADER
fixed length control field 00290nam a2200121Ia 4500
082 ## - DEWEY DECIMAL CLASSIFICATION NUMBER
Classification number 658.4
100 ## - MAIN ENTRY--PERSONAL NAME
Personal name Miller/ Starr
245 ## - TITLE STATEMENT
Title Executive Decisions & Operations Research
260 ## - PUBLICATION, DISTRIBUTION, ETC.
Name of publisher, distributor, etc. Prentice Hall of India
Date of publication, distribution, etc. 2001
546 ## - LANGUAGE NOTE
Language note ENGLISH
654 ## - SUBJECT ADDED ENTRY--FACETED TOPICAL TERMS
Focus term operation Research
942 ## - ADDED ENTRY ELEMENTS (KOHA)
Koha item type BOOK
Holdings
Withdrawn status Lost status Damaged status Not for loan Collection Home library Current library Date acquired Cost, normal purchase price Inventory number Total Checkouts Full call number Barcode Date last seen Cost, replacement price Price effective from Koha item type
        AFT Fr. Agnel's C.Rodrigues College of Engineering Fr. Agnel's C.Rodrigues College of Engineering 17/03/2023 27.00 1508   658.4 AFT986 17/03/2023 27.00 17/03/2023 BOOK